000 00808nam a2200217Ia 4500
003 Ost
005 20260507075633.0
008 260507s9999||||xx |||||||||||||| ||und||
020 _a8007319959
040 _cfsecg
041 _aara
082 _a382.1
100 _aبودبوس، رجب
_eمؤلف
245 0 _aالعولمة بين الأنصار والخصوم /
_c رجب بودبوس
260 _aلبنان:
_bمؤسسة الانتشار العربي,
_c2002
300 _a153 صفحة؛
_c24 سم
520 _aتجد في هذا الكتاب : أنصار العولمة ، خصوم العولمة ، الموضوعيون ، العولمة مترتبات وتناقضات
653 _aالعلاقات الاقتصادية الدولية
653 _aالعولمة
942 _cكتاب
999 _c45252
_d45252